00493pab a2200157 454500008004000000100002000040245009800060260000900158300001200167362000800179650003600187650001900223650004000242650002400282773002900306180718b1997 xxu||||| |||| 00| 0 eng d aOhanian, Lee E. aThe macroeconomic effects of war finance in the United State: world war II and the Korean war c1997 ap.23-40 aMar aFinance, Public - United States aPublic finance aUnited States - Economic conditions aEconomic conditions aAmerican Economic Review